Season of crimson blossoms / (Record no. 30861)

000 -LEADER
fixed length control field 00887cam a2200265 i 4500
001 - CONTROL NUMBER
control field 19161064
005 - DATE AND TIME OF LATEST TRANSACTION
control field 20210125115927.0
008 - FIXED-LENGTH DATA ELEMENTS--GENERAL INFORMATION
fixed length control field 151110t20162016enk 000 1 eng
010 ## - LIBRARY OF CONGRESS CONTROL NUMBER
LC control number 2016387320
020 ## - INTERNATIONAL STANDARD BOOK NUMBER
International Standard Book Number 9781911115007 (pbk.)
020 ## - INTERNATIONAL STANDARD BOOK NUMBER
International Standard Book Number 1911115006 (pbk.)
040 ## - CATALOGING SOURCE
Original cataloging agency DLC
Language of cataloging eng
Description conventions rda
Transcribing agency DLC
042 ## - AUTHENTICATION CODE
Authentication code pcc
043 ## - GEOGRAPHIC AREA CODE
Geographic area code f-nr---
050 00 - LIBRARY OF CONGRESS CALL NUMBER
Classification number PR 9387.9 .I22I27 2016
100 0# - MAIN ENTRY--PERSONAL NAME
Personal name Ibrahim, Abubakar Adam,
Relator term author.
245 00 - TITLE STATEMENT
Title Season of crimson blossoms /
Statement of responsibility, etc. Abubakar Adam Ibrahim
260 ## - PUBLICATION, DISTRIBUTION, ETC. (IMPRINT)
Place of publication, distribution, etc. [London] :
Name of publisher, distributor, etc. Cassava Republic Press,
Date of publication, distribution, etc. ©2016
300 ## - PHYSICAL DESCRIPTION
Extent 290 pages ;
Dimensions 22 cm
500 ## - GENERAL NOTE
General note "Parresiq koos"
651 #0 - SUBJECT ADDED ENTRY--GEOGRAPHIC NAME
Geographic name Nigeria
General subdivision Social conditions
Form subdivision Fiction.
906 ## - LOCAL DATA ELEMENT F, LDF (RLIN)
a 7
b cbc
c origcop
d 3
e ncip
f 20
g y-gencatlg
942 ## - ADDED ENTRY ELEMENTS (KOHA)
Source of classification or shelving scheme
Koha item type Africana (Books)
Classification part PR 9387.9 .I22I27 2016
Holdings
Withdrawn status Lost status Source of classification or shelving scheme Damaged status Not for loan Home library Current library Shelving location Date acquired Source of acquisition Cost, normal purchase price Total Checkouts Full call number Barcode Date last seen Date last checked out Price effective from Koha item type
          MACHAKOS UNIVERSITY LIBRARY MACHAKOS UNIVERSITY LIBRARY Open shelf 25/01/2021 Njigua Books 1729.00 8 PR 9387.9 .I22I27 2016 23494 23/10/2025 06/10/2025 25/01/2021 Hard Covered Materials
          MACHAKOS UNIVERSITY LIBRARY MACHAKOS UNIVERSITY LIBRARY Africana 25/01/2021 Njigua Books 1729.00 4 PR 9387.9 .I22I27 2016 23493 07/01/2026 11/12/2025 25/01/2021 Hard Covered Materials
© Machakos University Library, Along The Highway, Machakos Wote Rd, Machakos, Kenya P.O. Box 136 - 90100 Machakos - Kenya

Tel: ( +254 ) 723 805829 OR Fax : 044-20353 OR Email: library@mksu.ac.ke